BIBLIOTECA

SENCICO

Manual de ergonomía y seguridad / (Registro nro. 1528)

Detalles MARC
000 -LEADER
fixed length control field 01563nam a2200277Ia 4500
003 - CONTROL NUMBER IDENTIFIER
control field PE SENCICO BE
005 - DATE AND TIME OF LATEST TRANSACTION
control field 20251020182514.0
008 - FIXED-LENGTH DATA ELEMENTS--GENERAL INFORMATION
fixed length control field 200515s9999 xx 000 0 und d
020 ## - INTERNATIONAL STANDARD BOOK NUMBER
International Standard Book Number 978-958-682-810-9
040 ## - CATALOGING SOURCE
Original cataloging agency PE SENCICO BE
Transcribing agency PE SENCICO BE
041 ## - LANGUAGE CODE
Language code of text/sound track or separate title spa
082 ## - DEWEY DECIMAL CLASSIFICATION NUMBER
Classification number 620.82
Item number R92
100 1# - MAIN ENTRY--PERSONAL NAME
Personal name Rueda Ortiz, Maury Javier
9 (RLIN) 347
Relator term autor
245 10 - TITLE STATEMENT
Title Manual de ergonomía y seguridad /
Statement of responsibility, etc. Maury Javier Rueda Ortiz, Mónica Zambrano Vélez
250 ## - EDITION STATEMENT
Edition statement [1a ed.]
260 ## - PUBLICATION, DISTRIBUTION, ETC.
Place of publication, distribution, etc. México, D.F: :
Name of publisher, distributor, etc. Alfaomega ;
Date of publication, distribution, etc. 2013
300 ## - PHYSICAL DESCRIPTION
Extent 249 p.
Other physical details il. ;
Dimensions 24 cm.
505 0# - FORMATTED CONTENTS NOTE
Formatted contents note Manipulación manual de cargas -- Mobiliario -- Problemas de trabajo y pasarelas -- Herramientas manuales -- Escaleras -- Grúas puente -- Medios de protección en maquinaria -- Banco de trabajo industrial
520 3# - SUMMARY, ETC.
Summary, etc. La pedagogía en prevención es uno de los objetivos de una política pública, y en este marco de iniciativas los autores desean contribuir a la salud laboral con el presente manual. Este texto de lenguaje sencillo tiene dos cualidades: presenta los patrones técnicos o estándares de diseño de elementos, herramientas, puestos y espacios de trabajo comunes en las empresas y contempla medidas de prevención para empleadores y trabajadores en la consecución de entornos de trabajo y comportamientos seguros y saludables.
650 10 - SUBJECT ADDED ENTRY--TOPICAL TERM
Topical term or geographic name entry element Ergonomía
9 (RLIN) 349
650 20 - SUBJECT ADDED ENTRY--TOPICAL TERM
Topical term or geographic name entry element Medidas de seguridad
9 (RLIN) 2480
650 20 - SUBJECT ADDED ENTRY--TOPICAL TERM
Topical term or geographic name entry element Seguridad industrial
9 (RLIN) 96
650 20 - SUBJECT ADDED ENTRY--TOPICAL TERM
Topical term or geographic name entry element Plataformas de carga
9 (RLIN) 2725
700 1# - ADDED ENTRY--PERSONAL NAME
9 (RLIN) 350
Personal name Zambrano Vélez, Mónica
Relator term autor
942 ## - ADDED ENTRY ELEMENTS (KOHA)
Koha item type Libros
Source of classification or shelving scheme Dewey Decimal Classification
Existencias
Fecha de la última vez que lo usaron Pago total Signatura topográfica completa Código de barras Precio efectivo desde Tipo de documento Estado perdido Estado dañado No es para préstamo Retirado Ubicación permanente Ubicación actual Fecha de adquisición Sistema de clasificación Fuente de adquisición
15/05/2020   658.3/R92 Bib-Lima15051528 15/05/2020 Libros         Biblioteca Central Lima Biblioteca Central Lima 15/05/2020    
02/12/2024   620.82/R92/ej. 2 BibLima24120003 02/12/2024 Libros         Biblioteca Central Lima Biblioteca Central Lima 18/11/2024 Dewey Decimal Classification Comprado de la librería Cydma Tech